Folklore, memoirs, and other writings
Hurston's Novels and Stories presents her nonfiction work, which is perhaps less familiar but no less important than her fiction in the body of black literature. This is the first time the unexpurgated version of her 1942 autobiography, Dust Tracks on the Road, is being published; sections deem...
Bewaard in:
| Hoofdauteur: | |
|---|---|
| Formaat: | Boek |
| Taal: | Undetermined |
| Gepubliceerd in: |
New York, NY
The Library of America
1995
|
| Onderwerpen: | |
| Tags: |
Voeg label toe
Geen labels, Wees de eerste die dit record labelt!
|
| Thư viện lưu trữ: | Trung tâm Học liệu Trường Đại học Cần Thơ |
|---|
| LEADER | 01263nam a2200229Ia 4500 | ||
|---|---|---|---|
| 001 | CTU_125562 | ||
| 008 | 210402s9999 xx 000 0 und d | ||
| 020 | |c 26.40 | ||
| 082 | |a 398.092 | ||
| 082 | |b H966 | ||
| 100 | |a Hurston, Zola Neal | ||
| 245 | 0 | |a Folklore, memoirs, and other writings | |
| 245 | 0 | |c Zola Neal Hurston ; Edited by Cheryl A. Wall | |
| 260 | |a New York, NY | ||
| 260 | |b The Library of America | ||
| 260 | |c 1995 | ||
| 520 | |a Hurston's Novels and Stories presents her nonfiction work, which is perhaps less familiar but no less important than her fiction in the body of black literature. This is the first time the unexpurgated version of her 1942 autobiography, Dust Tracks on the Road, is being published; sections deemed too provocative (dealing with politics, race, and sex) have been restored. Mules and Men (1935) is a collection of African American folklore she gleaned on travels in the South, while Tell My Horse (1938) tenders her personal findings on African-based religion in Jamaica and Haiti | ||
| 650 | |a Folklorists,Afro-Americans,Afro-American novelists | ||
| 650 | |x Biography,Folklore,Biography | ||
| 650 | |z United States,20th century | ||
| 904 | |i Minh | ||
| 980 | |a Trung tâm Học liệu Trường Đại học Cần Thơ | ||